000 00397nam a2200169Ia 4500
005 20240823055556.0
008 240823s9999||||xx |||||||||||||| ||und||
041 _aENGLISH
082 _A621.4021 Q3
100 _aSavithri V
245 0 _aEngineering Thermodynamics
250 _a1st
260 _c2013
_bARS Publica
500 _aYES
650 _aThermodynamics
_bMechanical
942 _cBK
999 _c229109
_d229109